| 000 | 00495nam a22001817a 4500 | ||
|---|---|---|---|
| 003 | CEME | ||
| 005 | 20210628202508.0 | ||
| 008 | 210122b xxu||||| |||| 00| 0 eng d | ||
| 020 | _a0-07-143687-1 | ||
| 040 | _c. | ||
| 082 | _a621.815 MAC | ||
| 100 |
_aParmley, Robert. O _925526 |
||
| 245 | _aMachine devices and components illustrated sourcebook | ||
| 260 |
_aNEW YORK _bMCGRAW HILL _c2005 |
||
| 300 | _aX,289 P | ||
| 650 |
_aMACHINE DEVICES.MACHINE COMPONENTS. _960155 |
||
| 942 |
_cBK _2ddc |
||
| 999 |
_c569959 _d569959 |
||